Top 10 Netherlands National Football Team Goalscorers - Statistics

General Stats
  • This quiz has been taken 127 times
  • The average score is 6 of 10
Answer Stats
Rank Player Goals Caps Avarage Career % Correct
1 Robin van Persie 50 102 0.49 2005–2017
93%
10 Johan Cruyff 33 48 0.69 1966–1977
84%
6 Arjen Robben 37 96 0.39 2003–2017
81%
2 Memphis Depay 43 84 0.50 2013–
80%
8 Ruud van Nistelrooy 35 70 0.50 1998–2011
79%
5 Dennis Bergkamp 37 79 0.47 1990–2000
61%
4 Patrick Kluivert 40 79 0.51 1994–2004
58%
3 Klaas-Jan Huntelaar 42 76 0.55 2006–2015
47%
9 Abe Lenstra 33 47 0.70 1940–1959
5%
7 Faas Wilkes 35 38 0.92 1946–1961
1%
No matching quizzes found
Score Distribution
Percent of People with Each Score
Percentile by Number Answered
Your Score History
You have not taken this quiz